| 000 | 00428nam a2200157Ia 4500 | ||
|---|---|---|---|
| 008 | 210716s2009 xx 000 0 und d | ||
| 020 | _a9788131724149 | ||
| 041 | _aeng | ||
| 082 | _a006.6 HILF | ||
| 100 | _aHill, F S;Kelley, Stephen M. | ||
| 245 |
_aComputer graphics: using open gl. _bUsing open gl. |
||
| 250 | _a3 | ||
| 260 |
_aNew Delhi _bPearson Education _c2009 |
||
| 300 | _a786 | ||
| 650 | _aComputer Graphics(006.6) | ||
| 999 |
_c189698 _d189698 |
||